| 000 | 00770pam a2200229 a 4500 | ||
|---|---|---|---|
| 999 |
_c128856 _d128856 |
||
| 001 | 1506970 | ||
| 003 | ARRUPE | ||
| 005 | 20190130101006.0 | ||
| 008 | 890320r19891987nyu 000 0 eng | ||
| 010 | _a 89001504 | ||
| 020 |
_a0385264968 : _c$17.95 ($22.95 Can.) |
||
| 040 |
_aDLC _cDLC _dDLC |
||
| 050 | 0 | 0 |
_aHD57.7 _b.D46 1989 |
| 082 | 0 | 0 |
_a658.4/092 _220 |
| 100 | 1 |
_aDe Pree, Max. _944264 |
|
| 245 | 1 | 0 |
_aLeadership is an art / _cMax De Pree. |
| 260 |
_aNew York : _bDoubleday, _cc1989. |
||
| 300 |
_axxii, 136 p. ; _c22 cm. |
||
| 504 | _aReprint. Originally published: East Lansing, Mich. : Michigan State University Press, 1987. | ||
| 650 | 0 |
_aLeadership. _96573 |
|
| 906 |
_a7 _bcbc _corignew _d1 _eocip _f19 _gy-gencatlg |
||
| 942 |
_2lcc _cMONOGRAPH |
||